<?xml version="1.0" encoding="UTF-8"?>
<record
    xmlns:xsi="http://www.w3.org/2001/XMLSchema-instance"
    xsi:schemaLocation="http://www.loc.gov/MARC21/slim http://www.loc.gov/standards/marcxml/schema/MARC21slim.xsd"
    xmlns="http://www.loc.gov/MARC21/slim">

  <leader>01253nac a22002291u 4500</leader>
  <controlfield tag="008">100721s        le|||||r|||| 001 0 ara d</controlfield>
  <datafield tag="082" ind1=" " ind2=" ">
    <subfield code="a">220.9</subfield>
    <subfield code="b">&#x628; &#x644; &#x627;</subfield>
    <subfield code="2">22</subfield>
  </datafield>
  <datafield tag="100" ind1=" " ind2=" ">
    <subfield code="a">&#x628;&#x644;&#x627;&#x634;&#x64A;&#x631;</subfield>
    <subfield code="9">16606</subfield>
  </datafield>
  <datafield tag="245" ind1=" " ind2=" ">
    <subfield code="a">&#x627;&#x644;&#x642;&#x631;&#x622;&#x646;:</subfield>
    <subfield code="b">/&#x646;&#x632;&#x648;&#x644;&#x647; &#x60C; &#x62A;&#x62F;&#x648;&#x64A;&#x646;&#x647; &#x60C; &#x62A;&#x631;&#x62C;&#x645;&#x62A;&#x647; &#x648;&#x62A;&#x623;&#x62B;&#x64A;&#x631;&#x647;</subfield>
    <subfield code="c">&#x628;&#x644;&#x627;&#x634;&#x64A;&#x631; ; &#x646;&#x642;&#x644;&#x647; &#x627;&#x644;&#x649; &#x627;&#x644;&#x639;&#x631;&#x628;&#x64A;&#x629; &#x631;&#x636;&#x627; &#x633;&#x639;&#x627;&#x62F;&#x629; ; &#x623;&#x634;&#x631;&#x641; &#x639;&#x644;&#x649; &#x627;&#x644;&#x62A;&#x631;&#x62C;&#x645;&#x629; &#x641;&#x631;&#x64A;&#x62F; &#x639;&#x628;&#x64A;&#x631; &#x61B;&#x62D;&#x642;&#x642;&#x647; &#x648;&#x631;&#x627;&#x62C;&#x639;&#x647; &#x645;&#x62D;&#x645;&#x62F; &#x639;&#x644;&#x64A; &#x627;&#x644;&#x632;&#x63A;&#x628;&#x64A;</subfield>
  </datafield>
  <datafield tag="260" ind1=" " ind2=" ">
    <subfield code="a">&#x628;&#x64A;&#x631;&#x648;&#x62A;:</subfield>
    <subfield code="b">&#x62F;&#x627;&#x631; &#x627;&#x644;&#x643;&#x62A;&#x627;&#x628; &#x627;&#x644;&#x644;&#x628;&#x646;&#x627;&#x646;&#x64A; &#x60C;1974</subfield>
    <subfield code="c">1974.</subfield>
  </datafield>
  <datafield tag="300" ind1=" " ind2=" ">
    <subfield code="a">187&#x635; &#x61B;</subfield>
    <subfield code="c">24 &#x633;&#x645;</subfield>
  </datafield>
  <datafield tag="541" ind1=" " ind2=" ">
    <subfield code="a">&#x623;&#x644;&#x641; &#x628;&#x627;&#x621; ;</subfield>
    <subfield code="c">&#x634;&#x631;&#x627;&#x621; ;</subfield>
  </datafield>
  <datafield tag="650" ind1=" " ind2=" ">
    <subfield code="a">&#x627;&#x644;&#x642;&#x631;&#x622;&#x646;</subfield>
    <subfield code="9">16017</subfield>
    <subfield code="x">&#x62A;&#x627;&#x631;&#x64A;&#x62E;</subfield>
  </datafield>
  <datafield tag="650" ind1=" " ind2=" ">
    <subfield code="a">&#x627;&#x644;&#x642;&#x631;&#x622;&#x646;&#x60C; &#x62C;&#x645;&#x639; &#x648;&#x62A;&#x62F;&#x648;&#x64A;&#x646;</subfield>
    <subfield code="9">16158</subfield>
  </datafield>
  <datafield tag="650" ind1=" " ind2=" ">
    <subfield code="a">&#x627;&#x644;&#x642;&#x631;&#x622;&#x646; </subfield>
    <subfield code="9">8720</subfield>
    <subfield code="x">&#x623;&#x633;&#x628;&#x627;&#x628; &#x627;&#x644;&#x646;&#x632;&#x648;&#x644;</subfield>
  </datafield>
  <datafield tag="650" ind1=" " ind2=" ">
    <subfield code="a">&#x627;&#x644;&#x642;&#x631;&#x622;&#x646;&#x60C; &#x646;&#x632;&#x648;&#x644;</subfield>
    <subfield code="9">16803</subfield>
  </datafield>
  <datafield tag="700" ind1=" " ind2=" ">
    <subfield code="a">&#x633;&#x639;&#x627;&#x62F;&#x629; &#x60C; &#x631;&#x636;&#x627;</subfield>
    <subfield code="9">16616</subfield>
    <subfield code="e">&#x645;&#x62A;&#x631;&#x62C;&#x645;</subfield>
  </datafield>
  <datafield tag="700" ind1=" " ind2=" ">
    <subfield code="a">&#x627;&#x644;&#x632;&#x63A;&#x628;&#x64A; &#x60C; &#x645;&#x62D;&#x645;&#x62F; &#x639;&#x644;&#x64A;</subfield>
    <subfield code="9">16617</subfield>
    <subfield code="e">&#x645;&#x62D;&#x642;&#x642; &#x648;&#x645;&#x631;&#x627;&#x62C;&#x639;</subfield>
  </datafield>
  <datafield tag="700" ind1=" " ind2=" ">
    <subfield code="a">&#x639;&#x628;&#x64A;&#x631; &#x60C; &#x627;&#x644;&#x623;&#x628; &#x641;&#x631;&#x64A;&#x62F;</subfield>
    <subfield code="9">16618</subfield>
    <subfield code="e">&#x627;&#x644;&#x627;&#x634;&#x631;&#x627;&#x641; &#x639;&#x644;&#x649; &#x627;&#x644;&#x62A;&#x631;&#x62C;&#x645;&#x629;</subfield>
  </datafield>
  <datafield tag="942" ind1=" " ind2=" ">
    <subfield code="c">BB</subfield>
    <subfield code="k">220.9&#x628; &#x644; &#x627;</subfield>
    <subfield code="2">ddc</subfield>
  </datafield>
  <datafield tag="999" ind1=" " ind2=" ">
    <subfield code="c">5950</subfield>
    <subfield code="d">5950</subfield>
  </datafield>
  <datafield tag="952" ind1=" " ind2=" ">
    <subfield code="0">0</subfield>
    <subfield code="1">0</subfield>
    <subfield code="2">ddc</subfield>
    <subfield code="4">0</subfield>
    <subfield code="7">0</subfield>
    <subfield code="8">Alpha</subfield>
    <subfield code="a">MAIN</subfield>
    <subfield code="b">MAIN</subfield>
    <subfield code="c">LOW</subfield>
    <subfield code="d">2010-07-25</subfield>
    <subfield code="e">purchase</subfield>
    <subfield code="o">220.9 &#x628;&#x644;&#x627;</subfield>
    <subfield code="p">000007594</subfield>
    <subfield code="r">2025-07-15 00:00:00</subfield>
    <subfield code="s">2017-02-28</subfield>
    <subfield code="y">BB</subfield>
  </datafield>
</record>
